000 00803nam a22002417a 4500
001 3460
003 FISKH
005 20240307114120.0
008 240307b cb ||||| |||| 00| 0 eng d
040 _aFISK
_beng
_cFISK
_dFISK
050 _aPZ7.G3626
082 _a303
100 _aReilly Giff Patricia
_d1935-2021
245 _aWild girl /
_cPatricia Reilly Giff
260 _aNew York :
_bScholastic,
_c2011
300 _a147 pages :
_c20 cm
505 _aM
520 _aWhen twelve-year-old Lidie leaves Brazil to join her father and brother on a horse ranch in New York, she has a hard time adjusting to her changed circumstances, as does a new horse that has come to the ranch.
521 8 _a640
_bLexile
700 _aPatricia Reilly Giff
942 _2ddc
_cBK
_n0
999 _c3460
_d3460